FCK - Flat Chest Kitten Syndrom (plochý hrudník mačiat)

Bibliographic Details
Main Author: Bednárová, Andrea (Author)
Format: Article
Language:Slovak
PhysicalDescription:Fotogr., obr.
ISSN:1335-9932
Subjects:

MARC

LEADER 00000nab a2200000 ar4500
001 vtls009156891
003 SK-MaSNL
005 20260304214844.0
008 071107c2007 xo |||||||||||000 b|slo
015 |a SNBRB2007/11  |2 snkbucl 
038 |a SNKBUCL 
040 |a SNKBUCL  |b slo  |c SNKBUCL  |e AACR2 
041 0 |a slo 
044 |a xo  |c SK 
080 |a 636.8.09:616.712-007.24  |2 1997 
100 1 |a Bednárová, Andrea  |4 aut  |9 789128 
245 1 0 |a FCK - Flat Chest Kitten Syndrom (plochý hrudník mačiat)  |c Andrea Bednárová 
300 |b Fotogr., obr. 
650 0 7 |a mačky  |2 snkbucl  |9 2793 
650 0 7 |a mačiatka  |2 snkbucl  |9 618479 
650 0 7 |a hrudník  |2 snkbucl  |9 21704 
650 0 7 |a deformity  |2 snkbucl  |9 1484452 
650 0 7 |a syndróm FCK  |2 snkbucl  |9 108322 
650 0 7 |a terapia  |2 snkbucl  |9 781 
773 0 |t Magazín chovateľa  |g Roč. VI, č. 10 (2007), s. 21-23  |x 1335-9932 
852 |a SNK  |b KIS3GCP 
999 |c 3143592  |d 3145522